000
00325pam a2200145 a 4500
020
_a
978-0-07-064819-7
_c
041
_h
082
_a
620.1
100
_a
Chang R.
_e
Author
245
_a
Chemistry
_c
Chang R.
_h
Textual Documents
250
_a
9th Ed.
260
_b
Tata McGraw Hill
_c
2010
300
_a
1063
930
_a
170
999
_c
244394
_d
244394